000 00470nam a2200169Ia 4500
999 _c27566
_d27566
003 OSt
005 20201207144258.0
008 190216s9999||||xx |||||||||||||| ||und||
040 _coclc
082 _a894.8124
_bRAD/A
100 _aRadhakrishnan, C
_96488
245 0 _aAlochana /
_cC Radhakrishnan
260 _bHi Tech Books ,
_aKochi:
_c1995.
300 _a400p
650 _aLekhanam
942 _cBK
_2ddc
_h894.8124
_iRAD/A
_k894.8124
_mRAD/A